000 00689nam a2200217Ia 4500
003 IN-BaIIA
008 211028s9999 xx 000 0 eng d
020 _a0-08-017934-7
040 _cIIA Library
080 _a523.4-852
_bSOB
100 _aSobolev, V. V
_93684
245 0 _aLight scattering in planetary atmospheres
_cV. V. Sobolev
260 _aOxford
_bPergamon Press
_c1975
300 _axvii, 256p.
490 _aInternational series of monographs in natural philosophy; v. 76
650 _a Light scattering 
_99044
650 _a Planet atmospheres 
_99045
650 _a Radiative transfer
_99046
650 _aAstronomy and astrophysics thesaurus 
_91143
942 _cBK
999 _c5080
_d5080